| 000 | 00508 a2200169 4500 | ||
|---|---|---|---|
| 005 | 20250531141416.0 | ||
| 020 | _a0-273-68149-4 | ||
| 082 | _aLECT 657 WOO | ||
| 100 | _aWOOD, F. | ||
| 245 | _aBusiness accounting 1 | ||
| 250 | _a10th Ed. | ||
| 260 |
_aHarlow, _bPearson education limited, _c2005. |
||
| 300 |
_axxv, 765p.: ill.; figure, graph, picture, table. _bIndex, _c24cm. |
||
| 700 | _aSANGSTER, A. | ||
| 856 |
_yAccess online book _fBusiness accounting 1 _dwww.pearsoned.co.uk |
||
| 942 |
_2ddc _cBKS |
||
| 999 |
_c2925 _d2925 |
||